| 000 | 00682nam a22001697a 4500 | ||
|---|---|---|---|
| 999 |
_c15848 _d15848 |
||
| 008 | 201216b ||||| |||| 00| 0 eng d | ||
| 020 | _a9-71270980-9 (pbk) | ||
| 082 |
_21998 _aDFil 959.97 _bM19 |
||
| 100 |
_aMcKenna, Thomas M. _942689 |
||
| 245 |
_aMuslim rulers and rebels: _bevery politics and armed separatism in the Southern Philippines/ _cThomas M. McKenna |
||
| 260 |
_aManila: _bAnvil Pub., _c©1998. |
||
| 300 |
_axv, 364 pages: _billustrations; _c23 cm. |
||
| 500 | _aIncludes bibliographical references and index. | ||
| 650 |
_aPhilippines, Southern -- Politics and government. _942690 |
||
| 650 |
_aMindanao -- Politics and government. _942691 |
||
| 942 |
_2ddc _cDFIL |
||